Genshin Impact birthdays (V.6.6) - Statistics

General Stats
  • This quiz has been taken 20 times
    5 since last reset
  • The average score is 70 of 111
Answer Stats
Day Character(s) % Correct
July 5th (05/06) Barbara
100%
February 14th (14/02) Beidou
100%
February 29th (29/02) Bennett
100%
January 10th (10/01) Chevreuse
100%
January 18th (18/01) Diona
100%
July 9th (09/07) Kaveh
100%
July 14th (14/07) Kujou Sara
100%
January 6th (06/01) Lan Yan
100%
March 3rd (03/03) Qiqi
100%
January 9th (09/01) Thoma
100%
January 3rd (03/01) Wanderer
100%
March 6th (06/03) Yaoyao
100%
September 13th (13/09) Albedo
67%
February 11th (11/02) Alhaitham
67%
April 4th (04/04) Aloy
67%
August 10th (10/08) Amber
67%
June 1st (01/06) Arataki Itto
67%
August 22nd (22/08) Arlecchino
67%
April 25th (25/04) Baizhu
67%
May 3rd (03/05) Candace
67%
April 10th (10/04) Charlotte
67%
August 17th (17/08) Chiori
67%
September 7th (07/09) Chongyun
67%
January 20th (20/01) Citlali
67%
May 8th (08/05) Collei
67%
January 14th (14/01) Columbina
67%
June 23rd (23/06) Cyno
67%
April 7th (07/04) Dehya
67%
April 30th (30/04) Diluc
67%
December 21st (21/12) Dori
67%
October 25th (25/10) Eula
67%
August 20th (20/08) Faruzan
67%
May 27th (27/05) Fischl
67%
October 31st (31/10) Flins
67%
September 24th (24/09) Freminet
67%
October 13th (13/10) Furina
67%
December 22nd (22/12) Gaming
67%
December 2nd (02/12) Ganyu
67%
May 18th (18/05) Gorou
67%
July 15th (15/07) Hu Tao
67%
August 8th (08/08) Iansan
67%
January 5th (05/01) Jahoda
67%
March 14th (14/03) Jean & Durin
67%
October 29th (29/10) Kaedehara Kazuha
67%
November 30th (30/11) Kaeya
67%
September 28th (28/09) Kamisato Ayaka
67%
March 26th (26/03) Kamisato Ayato
67%
November 20th (20/11) Keqing & Prune
67%
November 11th (11/11) Kinich
67%
January 22nd (22/01) Kirara
67%
July 27th (27/07) Klee & Kuki Shinobu
67%
December 19th (19/12) Layla
67%
June 9th (09/06) Lisa
67%
February 2nd (02/02) Lyney & Lynette
67%
August 28th (28/08) Mavuika
67%
August 11th (11/08) Mika
67%
August 31st (31/08) Mona
67%
August 3rd (03/08) Mualani
67%
October 27th (27/10) Nahida
67%
August 16th (16/08) Navia
67%
December 18th (18/12) Neuvillette
67%
December 3rd (03/12) Nilou
67%
August 26th (26/08) Ningguang
67%
March 21st (21/03) Noelle
67%
June 26th (26/07) Raiden Shogun
67%
September 9th (09/09) Razor
67%
January 24th (24/01) Rosaria
67%
February 22nd (22/02) Sangonomiya Kokomi
67%
October 19th (19/10) Sayu
67%
March 10th (10/03) Shenhe
67%
July 24th (24/07) Shikanoin Heizou
67%
November 26th (26/11) Sucrose
67%
July 20th (20/07) Tartaglia
67%
December 29th (29/12) Tighnari
67%
June 16th (16/06) Venti
67%
November 23rd (23/11) Wriothesley
67%
November 2nd (02/11) Xiangling
67%
April 11th (11/04) Xianyun
67%
April 17th (17/04) Xiao
67%
October 9th (09/10) Xingqiu
67%
October 16th (16/10) Xinyan
67%
June 27th (27/07) Yae Miko
67%
July 28th (28/07) Yanfei
67%
April 20th (20/04) Yelan
67%
June 21st (21/06) Yoimiya
67%
May 21st (21/05) Yun Jin
67%
December 31st (31/12) Zhongli
67%
September 21st (21/09) Aino
33%
December 10th (10/12) Chasca
33%
September 20th (20/09) Clorinde
33%
May 25th (25/05) Dahlia
33%
September 22nd (22/09) Emilie
33%
June 8th (08/06) Escoffier
33%
March 23rd (23/03) Ifa
33%
December 23rd (23/12) Illuga
33%
April 2nd (02/04) Ineffa
33%
April 22nd (22/04) Kachina
33%
March 1st (01/03) Lauma
33%
May 23rd (23/05) Linnea
33%
April 3rd (03/04) Lohen
33%
May 9th (09/05) Nefer
33%
September 29th (29/09) Nicole
33%
October 14th (14/10) Ororon
33%
May 31st (31/05) Sethos
33%
March 30th (30/03) Sigewinne
33%
November 5th (05/11) Skirk
33%
November 15th (15/11) Varesa
33%
February 17th (17/02) Varka
33%
March 13th (13/03) Xilonen
33%
March 16th (16/03) Yumemizuki Mizuki
33%
May 15th (15/05) Zibai
33%
No matching quizzes found
Score Distribution
Percent of People with Each Score
Percentile by Number Answered
Your Score History
You have not taken this quiz since the last reset